Влияние условий синтеза на образование пространственных изомеров диметилпроизводных гликолурила; Перспективы развития фундаментальных наук; Т. 2 : Химия
| Parent link: | Перспективы развития фундаментальных наук=Prospects of Fundamental Sciences Development: сборник научных трудов XIII Международной конференции студентов, аспирантов и молодых ученых, г. Томск, 26-29 апреля 2016 г./ Национальный исследовательский Томский политехнический университет (ТПУ) ; под ред. И. А. Курзиной, Г. А. Вороновой.— , 2016 Т. 2 : Химия.— 2016.— [С. 244-246] |
|---|---|
| Autore principale: | |
| Ente Autore: | |
| Altri autori: | , , |
| Riassunto: | Заглавие с титульного экрана Pharmacologic activity depends on spatial structures of substances, because there is specificity ofisomer action on biological target. Glycoluril derivatives have big range of biological activity. They are used astranquilizers. But methods of synthesis of dimethylglycoluril' isomers are contradictory in different literature.2,6-dimethylglycoluril and 2,4-dimethylglycoluril are produced by reaction between methylurea and glyoxal in different conditions. Using different solvent and acid catalysts we change ratio of isomers. |
| Lingua: | russo |
| Pubblicazione: |
2016
|
| Soggetti: | |
| Accesso online: | http://earchive.tpu.ru/handle/11683/25881 |
| Natura: | Elettronico Capitolo di libro |
| KOHA link: | https://koha.lib.tpu.ru/cgi-bin/koha/opac-detail.pl?biblionumber=618186 |
MARC
| LEADER | 00000naa2a2200000 4500 | ||
|---|---|---|---|
| 001 | 618186 | ||
| 005 | 20231101133010.0 | ||
| 035 | |a (RuTPU)RU\TPU\conf\16567 | ||
| 035 | |a RU\TPU\conf\16566 | ||
| 090 | |a 618186 | ||
| 100 | |a 20160525d2016 k y0rusy50 ca | ||
| 101 | 0 | |a rus |d eng | |
| 102 | |a RU | ||
| 105 | |a y z 101zy | ||
| 135 | |a drcn ---uucaa | ||
| 181 | 0 | |a i | |
| 182 | 0 | |a b | |
| 200 | 1 | |a Влияние условий синтеза на образование пространственных изомеров диметилпроизводных гликолурила |d Abstract title: influence of synthesis conditions on formation regioisomers dimethyl derivatives of glycoluril |f В. Р. Кущербаева, Д. А. Кургачев, Н. Б. Дементьева |g науч. рук. А. А. Бакибаев | |
| 203 | |a Текст |c электронный | ||
| 230 | |a 1 компьютерный файл (pdf; 194 Кb) | ||
| 300 | |a Заглавие с титульного экрана | ||
| 320 | |a [Библиогр.: с. 246 (4 назв.)] | ||
| 330 | |a Pharmacologic activity depends on spatial structures of substances, because there is specificity ofisomer action on biological target. Glycoluril derivatives have big range of biological activity. They are used astranquilizers. But methods of synthesis of dimethylglycoluril' isomers are contradictory in different literature.2,6-dimethylglycoluril and 2,4-dimethylglycoluril are produced by reaction between methylurea and glyoxal in different conditions. Using different solvent and acid catalysts we change ratio of isomers. | ||
| 461 | 1 | |0 (RuTPU)RU\TPU\conf\16353 |t Перспективы развития фундаментальных наук |l Prospects of Fundamental Sciences Development |o сборник научных трудов XIII Международной конференции студентов, аспирантов и молодых ученых, г. Томск, 26-29 апреля 2016 г. |o в 7 т. |f Национальный исследовательский Томский политехнический университет (ТПУ) ; под ред. И. А. Курзиной, Г. А. Вороновой |d 2016 | |
| 463 | 0 | |0 (RuTPU)RU\TPU\conf\16355 |t Т. 2 : Химия |v [С. 244-246] |d 2016 | |
| 510 | 1 | |a Abstract title: influence of synthesis conditions on formation regioisomers dimethyl derivatives of glycoluril |z eng | |
| 610 | 1 | |a труды учёных ТПУ | |
| 610 | 1 | |a электронный ресурс | |
| 610 | 1 | |a биологически активные соединения | |
| 610 | 1 | |a изомеры | |
| 610 | 1 | |a лекарственные препараты | |
| 610 | 1 | |a гликолурил | |
| 610 | 1 | |a транквилизаторы | |
| 700 | 1 | |a Кущербаева |b В. Р. | |
| 701 | 1 | |a Кургачев |b Д. А. | |
| 701 | 1 | |a Дементьева |b Н. Б. | |
| 702 | 1 | |a Бакибаев |b А. А. |c химик |c профессор Томского политехнического университета, доктор химических наук |f 1960- |g Абдигали Абдиманапович |2 stltpush |4 727 | |
| 712 | 0 | 2 | |a Национальный исследовательский Томский политехнический университет (ТПУ) |b Институт природных ресурсов (ИПР) |b Кафедра физической и аналитической химии (ФАХ) |h 94 |2 stltpush |3 (RuTPU)RU\TPU\col\18656 |
| 801 | 2 | |a RU |b 63413507 |c 20160628 |g RCR | |
| 856 | 4 | |u http://earchive.tpu.ru/handle/11683/25881 | |
| 942 | |c BK | ||